Loading...
| Literature - World Literature | 0 | 7 | 1 | 0 | 65 | 64 | 78.14 | 4 | 7 |
| Literature - European Literature | 0 | 4 | 0 | 0 | 40 | 58 | 92.25 | 3 | 4 |
| Literature - British Literature | 0 | 3 | 1 | 0 | 25 | 97 | 104.00 | 1 | 3 |
| Mythology | 0 | 2 | 0 | 0 | 20 | 62 | 74.00 | 2 | 2 |
| Literature - American Literature | 0 | 3 | 2 | 0 | 20 | 81 | 86.33 | 1 | 3 |
| Fine Arts - Painting & Sculpture | 0 | 1 | 0 | 0 | 10 | 102 | 102.00 | 0 | 1 |
| Religion | 0 | 1 | 0 | 1 | 10 | 126 | 126.00 | 0 | 1 |
| Science - Other Science | 0 | 1 | 0 | 0 | 10 | 113 | 113.00 | 0 | 0 |
| Science - Chemistry | 0 | 1 | 1 | 0 | 5 | 114 | 114.00 | 0 | 0 |
| Science - Physics | 0 | 1 | 2 | 0 | 0 | 89 | 89.00 | 0 | 1 |